Crónica de un soldado de la Guerra del Pacífico
Guardado en:
| Autor principal: | |
|---|---|
| Formato: | Libro |
| Lenguaje: | español |
| Publicado: |
Santiago
Del Pacífico S. A
1956
|
| Edición: | 1a. ed |
| Materias: | |
| Etiquetas: |
Agregar Etiqueta
Sin Etiquetas, Sea el primero en etiquetar este registro!
|
MARC
| LEADER | 00000cam a2200000 a 4500 | ||
|---|---|---|---|
| 001 | UCE4623 | ||
| 003 | CL-VaPUC | ||
| 008 | 141107e19560000cl |||||||||||||||||spa|d | ||
| 082 | 0 | 4 | |a Ch864 |b GUT |2 21 |
| 100 | |a Gutiérrez, Hipólito |e author |9 577182 | ||
| 245 | 1 | 0 | |a Crónica de un soldado de la Guerra del Pacífico |
| 250 | |a 1a. ed | ||
| 300 | |a 108 p | ||
| 942 | |c BK | ||
| 945 | |d 20141107 12:15:00 |a dcastane | ||
| 260 | |a Santiago |b Del Pacífico S. A |c 1956 | ||
| 650 | 0 | |a Crónicas chilenas |9 321511 | |
| 650 | 0 | |a Literatura chilena |9 308278 | |
| 650 | 0 | |a Guerra del Pacífico |9 314886 | |
| 583 | |a last modification |c 20141107 12:15:00 |k Rodrigo Vera | ||
| 999 | |c 357504 |d 357502 | ||
| 952 | |0 0 |1 0 |3 erb |4 0 |6 CH_864_000000000000000_GUT_1956 |7 0 |8 X |9 465527 |a FDOBUD |b FDOBUD |i 5106745 |o Ch864 GUT 1956 |p 5106745 |r 2019-11-23 |w 2019-11-23 |y BK_X |z Catalogado en:20141107 |k BUD | ||